[Event "Buenos Aires ProAm op 26th"]
[Site "Buenos Aires"]
[Date "2019.10.12"]
[Round "7"]
[White "Olivera, Horacio"]
[Black "Scarella, Enrique Alejandro"]
[Result "0-1"]
[WhiteElo "2112"]
[BlackElo "2281"]
[PlyCount "76"]
[EventDate "2019.10.06"]
[EventType "team-swiss"]
[EventRounds "8"]
[EventCountry "ARG"]
[SourceTitle "CBM 192 Extra"]
[Source "Chessbase"]
[SourceDate "2019.11.06"]
[SourceVersion "1"]
[SourceVersionDate "2019.11.06"]
[SourceQuality "1"]

1. Nf3 d5 2. d4 Nf6 3. c4 dxc4 4. e3 g6 5. Bxc4 Bg7 6. 0-0 0-0 7. Nc3 c5 8. Qe2 cxd4 9. exd4 Nc6 10. Rd1 Bg4 11. Be3 Na5 12. Bd3 Nd5 13. h3 Nxe3 14. fxe3 Bxf3 15. gxf3 Rc8 16. f4 e6 17. Ne4 Nc6 18. Rac1 Qh4 19. Kg2 Nb4 20. Bc4 Nd5 21. Bxd5 exd5 22. Rxc8 Rxc8 23. Nc3 Qe7 24. Rd2 Qe6 25. Qf3 Rd8 26. Rf2 Bh6 27. Rd2 Bf8 28. Rf2 Be7 29. f5 gxf5 30. Qxf5 Qxe3 31. Nxd5 Qg5+ 32. Qxg5+ Bxg5 33. Rf5 Bc1 34. b3 Bb2 35. Kf3 Bxd4 36. Rg5+ Kf8 37. Ke4 Bg7 38. Rg2 f5+ 0-1

[Event "Buenos Aires ProAm op 26th"]
[Site "Buenos Aires"]
[Date "2019.10.10"]
[Round "5"]
[White "Godoy, Luciano"]
[Black "Scarella, Enrique Alejandro"]
[Result "0-1"]
[WhiteElo "2130"]
[BlackElo "2281"]
[PlyCount "116"]
[EventDate "2019.10.06"]
[EventType "team-swiss"]
[EventRounds "8"]
[EventCountry "ARG"]
[SourceTitle "CBM 192 Extra"]
[Source "Chessbase"]
[SourceDate "2019.11.06"]
[SourceVersion "1"]
[SourceVersionDate "2019.11.06"]
[SourceQuality "1"]

1. e4 c5 2. Nf3 Nc6 3. d4 cxd4 4. Nxd4 Nf6 5. Nc3 d6 6. Bg5 e6 7. Qd2 h6 8. Bxf6 gxf6 9. f4 a6 10. Nf3 Bd7 11. 0-0-0 Qa5 12. Kb1 0-0-0 13. Qe1 f5 14. exf5 Qxf5 15. Qe3 Qc5 16. Qxc5 dxc5 17. Ne4 Kc7 18. Be2 Be7 19. Rd2 Bc8 20. Rhd1 b6 21. Ne5 Nxe5 22. fxe5 Rxd2 23. Rxd2 Bb7 24. Nf6 Bxf6 25. exf6 Bxg2 26. Bh5 Bd5 27. b3 b5 28. Kb2 Rg8 29. h4 Rg1 30. c4 bxc4 31. bxc4 Bxc4 32. Rc2 Bd5 33. Rxc5+ Kd6 34. Ra5 Rg2+ 35. Kb1 Ke5 36. Bxf7 Kxf6 37. Be8 Ke7 38. Bh5 Rh2 39. Ra4 Bc6 40. Rg4 Kd6 41. Bg6 Rg2 42. Rxg2 Bxg2 43. Kc2 Ke5 44. Kd3 Kf4 45. a3 e5 46. Ke2 Bc6 47. Kf2 Bb5 48. Bh5 e4 49. Bd1 e3+ 50. Ke1 Kg3 51. h5 Be8 52. Kf1 a5 53. Be2 Kh4 54. Kg2 Bxh5 55. Bxh5 Kxh5 56. Kf3 e2 57. Kxe2 Kg4 58. Kf1 Kf3 0-1

[Event "ARG-ch 94th"]
[Site "Buenos Aires"]
[Date "2019.09.18"]
[Round "3"]
[White "Scarella, Enrique Alejandro"]
[Black "Flores, Diego"]
[Result "0-1"]
[WhiteElo "2302"]
[BlackElo "2602"]
[PlyCount "82"]
[EventDate "2019.09.16"]
[EventType "tourn"]
[EventRounds "11"]
[EventCountry "ARG"]
[EventCategory "9"]
[SourceTitle "EXT 2020"]
[Source "ChessBase"]
[SourceDate "2019.10.17"]
[SourceVersion "1"]
[SourceVersionDate "2019.10.17"]
[SourceQuality "1"]

1. d4 Nf6 2. c4 e6 3. Nf3 c5 4. Nc3 cxd4 5. Nxd4 a6 6. e4 Qc7 7. a3 b6 8. Be3 Bb7 9. f3 Be7 10. Be2 0-0 11. Rc1 d6 12. 0-0 Nbd7 13. Qe1 Rac8 14. Qf2 Qb8 15. Nb3 Bd8 16. Rfd1 Bc7 17. Qh4 Ne5 18. Qh3 Ng6 19. Bd3 Ne5 20. Be2 Ng6 21. Bd3 Rfe8 22. f4 Rcd8 23. f5 exf5 24. exf5 Ne5 25. Bg5 Neg4 26. Be2 h6 27. Bf4 h5 28. Qg3 b5 29. h3 Ne3 30. Bxe3 d5 31. Qg5 Nh7 32. Qxh5 Rxe3 33. cxd5 Nf6 34. Qh4 Bg3 35. Qg5 Rde8 36. Nd4 Bf4 37. Qh4 Rg3 38. Ne6 fxe6 39. fxe6 Bg5 40. Qb4 Be3+ 41. Kh1 Bxc1 0-1

[Event "Montevideo Duchamp Cup 3rd"]
[Site "Montevideo"]
[Date "2019.02.11"]
[Round "4"]
[White "Scarella, Enrique Alejandro"]
[Black "Siddeley, Hugh"]
[Result "1-0"]
[WhiteElo "2304"]
[BlackElo "1968"]
[PlyCount "63"]
[EventDate "2019.02.09"]
[EventType "swiss"]
[EventRounds "9"]
[EventCountry "URU"]
[SourceTitle "CBM 188 Extra"]
[Source "ChessBase"]
[SourceDate "2019.02.26"]
[SourceVersion "1"]
[SourceVersionDate "2019.02.26"]
[SourceQuality "1"]

1. Nf3 d5 2. c4 c6 3. d4 Nf6 4. Nc3 e6 5. Qd3 dxc4 6. Qxc4 b5 7. Qb3 a6 8. Bg5 Be7 9. g3 c5 10. dxc5 Bxc5 11. Ne4 Be7 12. Nxf6+ Bxf6 13. Rd1 Qa5+ 14. Bd2 Qa4 15. Qxa4 bxa4 16. Bg2 0-0 17. Bb4 Re8 18. Ne5 Ra7 19. Bc5 Rb7 20. Bxb7 Bxb7 21. Nf3 Bxb2 22. 0-0 a3 23. Rd3 Bd5 24. Bxa3 Bf6 25. Rd2 Nc6 26. Bb2 Bxf3 27. exf3 Ne5 28. Bxe5 Bxe5 29. Rfd1 Bf6 30. Rd6 a5 31. Ra6 Bc3 32. Rd3 1-0

[Event "Montevideo Duchamp Cup 3rd"]
[Site "Montevideo"]
[Date "2019.02.10"]
[Round "2"]
[White "Scarella, Enrique Alejandro"]
[Black "Durante, Aurelio"]
[Result "1-0"]
[WhiteElo "2304"]
[BlackElo "1941"]
[PlyCount "58"]
[EventDate "2019.02.09"]
[EventType "swiss"]
[EventRounds "9"]
[EventCountry "URU"]
[SourceTitle "CBM 188 Extra"]
[Source "ChessBase"]
[SourceDate "2019.02.26"]
[SourceVersion "1"]
[SourceVersionDate "2019.02.26"]
[SourceQuality "1"]

1. Nf3 d5 2. c4 c6 3. e3 Nf6 4. d4 e6 5. Bd3 Be7 6. Nc3 0-0 7. 0-0 Nbd7 8. Qe2 Qc7 9. e4 dxc4 10. Bxc4 e5 11. h3 b5 12. Bb3 a5 13. dxe5 Nxe5 14. Nxe5 Qxe5 15. f4 Qh5 16. Qxh5 Nxh5 17. Bd1 Nf6 18. e5 Bc5+ 19. Kh2 Nd5 20. Nxd5 cxd5 21. Bf3 Bb7 22. Rd1 Rfd8 23. f5 Ra6 24. Bf4 f6 25. e6 g5 26. Rac1 Bd6 27. Bxd6 Raxd6 28. Rc7 Rb6 29. e7 Re8 1-0

[Event "ARG-chT"]
[Site "Villa Martelli"]
[Date "2018.07.14"]
[Round "2.1"]
[White "Darcyl, Tomas"]
[Black "Scarella, Enrique Alejandro"]
[Result "1/2-1/2"]
[WhiteElo "2386"]
[BlackElo "2305"]
[PlyCount "45"]
[EventDate "2018.07.07"]
[EventType "team-swiss"]
[EventRounds "9"]
[EventCountry "ARG"]
[SourceTitle "CBM 187 Extra"]
[Source "ChessBase"]
[SourceDate "2018.11.04"]
[SourceVersion "1"]
[SourceVersionDate "2018.11.04"]
[SourceQuality "1"]
[WhiteTeam "Centro Univ CUV"]
[BlackTeam "Tacticos y Estrategas"]
[WhiteTeamCountry "ARG"]
[BlackTeamCountry "ARG"]

1. Nf3 c5 2. c4 g6 3. g3 Bg7 4. Bg2 Nc6 5. Nc3 Nf6 6. d4 cxd4 7. Nxd4 0-0 8. 0-0 Nxd4 9. Qxd4 d6 10. Qd3 Bf5 11. e4 Be6 12. Bd2 Ng4 13. b3 Qc8 14. Rac1 Ne5 15. Qe2 Bh3 16. Nd5 Nc6 17. Bc3 Bxg2 18. Kxg2 b6 19. f4 Qb7 20. Bxg7 Kxg7 21. f5 f6 22. Nf4 Rg8 23. Kg1 1/2-1/2

[Event "Montevideo Duchamp Cup 2nd"]
[Site "Montevideo"]
[Date "2018.02.08"]
[Round "9"]
[White "Coro, Lucas"]
[Black "Scarella, Enrique Alejandro"]
[Result "1/2-1/2"]
[WhiteElo "2147"]
[BlackElo "2320"]
[PlyCount "124"]
[EventDate "2018.02.02"]
[EventType "swiss"]
[EventRounds "9"]
[EventCountry "URU"]
[SourceTitle "CBM 182 Extra"]
[Source "ChessBase"]
[SourceDate "2018.02.23"]
[SourceVersion "1"]
[SourceVersionDate "2018.02.23"]
[SourceQuality "1"]

1. e4 c5 2. Nf3 g6 3. d4 Bg7 4. dxc5 Qa5+ 5. c3 Qxc5 6. Na3 d6 7. Be3 Qa5 8. Nb5 a6 9. b4 Qd8 10. Nbd4 Nf6 11. Bd3 0-0 12. 0-0 Nc6 13. h3 e5 14. Ne2 d5 15. Ng3 dxe4 16. Nxe4 Bf5 17. Qc2 Nxe4 18. Bxe4 Qc8 19. Bc5 Re8 20. g4 Bxe4 21. Qxe4 Qe6 22. Ng5 Qf6 23. Qe3 Nd4 24. cxd4 exd4 25. Qd2 b6 26. Bxd4 Qxd4 27. Qxd4 Bxd4 28. Rac1 Rac8 29. Nf3 Bc3 30. Rb1 b5 31. Rfc1 Rc4 32. a3 Rec8 33. Ne1 Bd2 34. Rxc4 Rxc4 35. Rd1 Bc1 36. Rd3 Bb2 37. Kf1 Rc1 38. Ke2 Bc3 39. Rd1 Rxd1 40. Kxd1 Bd4 41. Nd3 Kg7 42. Ke2 f5 43. gxf5 gxf5 44. Kf3 Kf6 45. Kf4 Ke6 46. Kg5 Kd5 47. Kxf5 Kc4 48. Ke4 Bc3 49. f4 a5 50. f5 axb4 51. axb4 Bg7 52. Nf4 Kxb4 53. f6 Bh6 54. f7 Kc4 55. h4 b4 56. h5 b3 57. Nd3 Bf8 58. Ne5+ Kc3 59. Nd3 Ba3 60. Nf2 Bf8 61. Nd3 Ba3 62. Nf2 Bf8 1/2-1/2

[Event "Montevideo Duchamp Cup 2nd"]
[Site "Montevideo"]
[Date "2018.02.02"]
[Round "1"]
[White "Suarez, Pedro Martin"]
[Black "Scarella, Enrique Alejandro"]
[Result "1-0"]
[WhiteElo "1798"]
[BlackElo "2320"]
[PlyCount "103"]
[EventDate "2018.02.02"]
[EventType "swiss"]
[EventRounds "9"]
[EventCountry "URU"]
[SourceTitle "CBM 182 Extra"]
[Source "ChessBase"]
[SourceDate "2018.02.23"]
[SourceVersion "1"]
[SourceVersionDate "2018.02.23"]
[SourceQuality "1"]

1. d4 Nf6 2. c4 c5 3. d5 b5 4. cxb5 a6 5. bxa6 g6 6. Nc3 Bxa6 7. e4 Bxf1 8. Kxf1 d6 9. Nf3 Nbd7 10. h3 Bg7 11. Kg1 0-0 12. Kh2 Qb6 13. Qc2 Rfb8 14. Nd2 Qa6 15. b3 Ne5 16. Bb2 Qd3 17. Rac1 Qxc2 18. Rxc2 Nd3 19. Nc4 Nb4 20. Re2 Nxa2 21. Na4 Nb4 22. Ra1 Nd7 23. Bxg7 Kxg7 24. Rd1 Nf6 25. f3 h5 26. h4 Kf8 27. Kg3 Na6 28. Nab6 Ra7 29. Ra1 Rxb6 30. Nxb6 Ne8 31. Rea2 Nec7 32. Nd7+ Ke8 33. Nb8 Nxb8 34. Rxa7 Kd8 35. Kf4 f6 36. g4 e5+ 37. Ke3 Nd7 38. gxh5 gxh5 39. Rxc7 Kxc7 40. Ra8 f5 41. Rh8 fxe4 42. fxe4 Nf6 43. Kf3 Kd7 44. Rh6 Ke7 45. Rg6 Kf7 46. Rg5 Kf8 47. Ke3 Ke7 48. Kd3 Kf7 49. Rf5 Kg6 50. Rxf6+ Kxf6 51. Kc4 Ke7 52. Kb5 1-0

[Event "ARG-chT"]
[Site "Villa Martelli"]
[Date "2017.09.16"]
[Round "7.1"]
[White "Scarella, Enrique Alejandro"]
[Black "Santillan, Martin"]
[Result "1-0"]
[WhiteElo "2328"]
[BlackElo "1859"]
[PlyCount "107"]
[EventDate "2017.08.05"]
[EventType "team-swiss"]
[EventRounds "9"]
[EventCountry "ARG"]
[SourceTitle "CBM 180 Extra"]
[Source "ChessBase"]
[SourceDate "2017.10.06"]
[SourceVersion "1"]
[SourceVersionDate "2017.10.06"]
[SourceQuality "1"]
[WhiteTeam "Tacticos y Estrategas"]
[BlackTeam "Nac del Sur Univ"]
[WhiteTeamCountry "ARG"]
[BlackTeamCountry "ARG"]

1. d4 Nf6 2. Nf3 g6 3. g3 Bg7 4. Bg2 0-0 5. 0-0 d6 6. Nc3 c6 7. e4 e5 8. dxe5 dxe5 9. Qxd8 Rxd8 10. Nxe5 Nxe4 11. Nxf7 Kxf7 12. Nxe4 Bf5 13. Bf4 Bxe4 14. Bxe4 Na6 15. c3 Nc5 16. Bc2 a5 17. Rad1 Ne6 18. Be3 Ke7 19. Rfe1 Kf7 20. Rxd8 Rxd8 21. Bb3 Re8 22. Bb6 a4 23. Bxa4 h5 24. Bb3 Bh6 25. f4 Bf8 26. a4 Bd6 27. Bc4 Kf6 28. Bd4+ Kf7 29. b4 b5 30. axb5 cxb5 31. Bxb5 Rc8 32. Bd7 Nxd4 33. Bxc8 Nf3+ 34. Kf2 Nxe1 35. Kxe1 h4 36. Kf2 hxg3+ 37. hxg3 Kf6 38. Kf3 g5 39. Ke4 gxf4 40. gxf4 Ke7 41. f5 Kd8 42. Be6 Ke7 43. Kd5 Bg3 44. b5 Bf2 45. Kc6 Ba7 46. b6 Bb8 47. c4 Kd8 48. f6 Be5 49. f7 Ke7 50. Kd5 Bb8 51. c5 Bf4 52. c6 Bg3 53. c7 Bxc7 54. bxc7 1-0

[Event "Villa Martelli zt 2.5"]
[Site "Villa Martelli"]
[Date "2017.05.04"]
[Round "6"]
[White "Sica, Mauro"]
[Black "Scarella, Enrique Alejandro"]
[Result "1/2-1/2"]
[WhiteElo "2154"]
[BlackElo "2335"]
[PlyCount "77"]
[EventDate "2017.04.30"]
[EventType "swiss"]
[EventRounds "9"]
[EventCountry "ARG"]
[SourceTitle "CBM 178 Extra"]
[Source "ChessBase"]
[SourceDate "2017.06.22"]
[SourceVersion "1"]
[SourceVersionDate "2017.06.22"]
[SourceQuality "1"]

1. d4 Nf6 2. c4 d6 3. Nf3 Nbd7 4. Nc3 e5 5. d5 Be7 6. e4 Nc5 7. Qc2 a5 8. Be3 0-0 9. h3 b6 10. Nd2 Ne8 11. g4 Bg5 12. Nd1 Bf4 13. Be2 Bd7 14. Bxf4 exf4 15. Nc3 Qe7 16. h4 a4 17. a3 c6 18. h5 Nc7 19. f3 cxd5 20. cxd5 b5 21. h6 g6 22. Na2 N7a6 23. Qc3 f6 24. Qd4 Rfc8 25. Kf2 Qe5 26. Qxe5 fxe5 27. Rac1 Kf7 28. g5 Ke7 29. Rhd1 Nb7 30. Rc3 Nd8 31. Rdc1 Rxc3 32. bxc3 Nf7 33. Rg1 Nc5 34. Ke1 Nb3 35. Kd1 Rc8 36. Kc2 Nd4+ 37. Kd1 Nb3 38. Kc2 Nd4+ 39. Kd1 1/2-1/2

[Event "Villa Martelli ProAm op 23rd"]
[Site "Villa Martelli"]
[Date "2016.11.24"]
[Round "6"]
[White "Scarella, Enrique Alejandro"]
[Black "Koch, Juan Enrique"]
[Result "1-0"]
[WhiteElo "2352"]
[BlackElo "2037"]
[PlyCount "73"]
[EventDate "2016.11.20"]
[EventType "swiss"]
[EventRounds "9"]
[EventCountry "ARG"]
[SourceTitle "CBM 175 Extra"]
[Source "ChessBase"]
[SourceDate "2016.12.12"]
[SourceVersion "1"]
[SourceVersionDate "2016.12.12"]
[SourceQuality "1"]

1. Nf3 Nf6 2. c4 g6 3. g3 Bg7 4. Bg2 0-0 5. 0-0 d6 6. d4 Nc6 7. d5 Na5 8. Qa4 c5 9. Bd2 b6 10. Bc3 Bd7 11. Qc2 Bf5 12. Qc1 Rb8 13. b3 a6 14. Nh4 Bd7 15. e4 Ne8 16. Bxg7 Nxg7 17. f4 f6 18. Qc3 b5 19. Nd2 bxc4 20. bxc4 Qc7 21. Rab1 Rfc8 22. Rfe1 Rxb1 23. Rxb1 Nb7 24. e5 dxe5 25. fxe5 fxe5 26. Re1 Nd6 27. Rxe5 Re8 28. Nhf3 h6 29. Bf1 Bf5 30. Bd3 Kh7 31. Bxf5 Ndxf5 32. Qd3 Rf8 33. Qe4 Rf7 34. g4 Nd6 35. Qd3 Rf4 36. h3 Ne4 37. Rxe4 1-0

[Event "ARG-chT"]
[Site "Villa Martelli"]
[Date "2016.10.01"]
[Round "2.6"]
[White "Benedetti, Julio"]
[Black "Scarella, Enrique Alejandro"]
[Result "1/2-1/2"]
[WhiteElo "2339"]
[BlackElo "2352"]
[PlyCount "93"]
[EventDate "2016.09.24"]
[EventType "team-swiss"]
[EventRounds "9"]
[EventCountry "ARG"]
[SourceTitle "EXT 2017"]
[Source "ChessBase"]
[SourceDate "2016.10.25"]
[SourceVersion "1"]
[SourceVersionDate "2016.10.25"]
[SourceQuality "1"]
[WhiteTeam "Lasker Quilmes"]
[BlackTeam "Tacticos y Estrategas"]
[WhiteTeamCountry "ARG"]
[BlackTeamCountry "ARG"]

1. e4 d5 2. Nc3 Nf6 3. e5 d4 4. exf6 dxc3 5. fxg7 cxd2+ 6. Bxd2 Bxg7 7. Qf3 Qd6 8. 0-0-0 Qf6 9. Qa3 Nc6 10. Nf3 Bd7 11. Bc4 0-0-0 12. Kb1 Bf5 13. Rc1 Be4 14. Bg5 Qf5 15. Bxe7 Rd7 16. Bc5 Rhd8 17. Bxa7 Bxc2+ 18. Ka1 Nxa7 19. Qxa7 c6 20. Rhe1 Be4 21. Be2 Bxf3 22. gxf3 Qf6 23. Rc2 Qg6 24. Rec1 Qxc2 25. Qa8+ Kc7 26. Qa5+ Kb8 27. Qxd8+ Rxd8 28. Rxc2 Rd4 29. a3 Rh4 30. Bc4 Rxh2 31. Bxf7 Bd4 32. Rd2 c5 33. Ka2 h5 34. Kb3 h4 35. f4 Rh3+ 36. Kc4 Rf3 37. Bd5 Rxf4 38. Kb5 Kc7 39. Re2 Rxf2 40. Rxf2 Bxf2 41. Bg2 b6 42. b3 Be1 43. Kc4 Bd2 44. Kd3 Bc1 45. a4 Kd6 46. Ke4 Bd2 47. Kf5 1/2-1/2

[Event "Mar del Plata op 47th"]
[Site "Mar del Plata"]
[Date "2016.03.25"]
[Round "8"]
[White "Sica, Mauro"]
[Black "Scarella, Enrique Alejandro"]
[Result "1/2-1/2"]
[WhiteElo "2150"]
[BlackElo "2367"]
[PlyCount "114"]
[EventDate "2016.03.19"]
[EventType "swiss"]
[EventRounds "9"]
[EventCountry "ARG"]
[SourceTitle "CBM 171 Extra"]
[Source "ChessBase"]
[SourceDate "2016.04.26"]
[SourceVersion "1"]
[SourceVersionDate "2016.04.26"]
[SourceQuality "1"]

1. d4 Nf6 2. c4 c5 3. d5 b5 4. cxb5 a6 5. bxa6 g6 6. Nc3 Bxa6 7. g3 d6 8. Bg2 Bg7 9. Nf3 Nbd7 10. Rb1 0-0 11. 0-0 Ne8 12. Qc2 Nc7 13. Rd1 Bb7 14. Nh4 Na6 15. a3 Qc7 16. Nf3 Rfb8 17. Bg5 Ne5 18. Nxe5 Bxe5 19. Qe4 Bc8 20. Qc4 Rb6 21. Kh1 Rab8 22. Na4 Rb3 23. Rd3 Rxd3 24. exd3 Qd7 25. Bd2 Nc7 26. Bc3 Ba6 27. Qe4 f5 28. Qh4 Bxd3 29. Re1 Be4 30. Bxe4 fxe4 31. Qxe4 Bxc3 32. Nxc3 Rxb2 33. Qxe7 Qxe7 34. Rxe7 Rb3 35. Rxc7 Rxc3 36. Rc6 Rxa3 37. Rxd6 Rd3 38. Rd7 c4 39. Kg2 c3 40. Rc7 Rxd5 41. Rxc3 Rd7 42. Rc5 Kg7 43. g4 h6 44. h4 Rf7 45. Kg3 Kh7 46. f4 Ra7 47. Rc3 Kg7 48. Kf3 Re7 49. Rd3 Kf7 50. Re3 Ra7 51. f5 gxf5 52. gxf5 Kf6 53. Kf4 Ra6 54. Re4 h5 55. Rb4 Rc6 56. Ra4 Rb6 57. Ke4 Rc6 1/2-1/2

[Event "Mar del Plata op 47th"]
[Site "Mar del Plata"]
[Date "2016.03.24"]
[Round "7"]
[White "Scarella, Enrique Alejandro"]
[Black "Crespo, Eugenio"]
[Result "1/2-1/2"]
[WhiteElo "2367"]
[BlackElo "2184"]
[PlyCount "57"]
[EventDate "2016.03.19"]
[EventType "swiss"]
[EventRounds "9"]
[EventCountry "ARG"]
[SourceTitle "CBM 171 Extra"]
[Source "ChessBase"]
[SourceDate "2016.04.26"]
[SourceVersion "1"]
[SourceVersionDate "2016.04.26"]
[SourceQuality "1"]

1. d4 e6 2. c4 d5 3. Nf3 Nf6 4. Nc3 Be7 5. Bg5 0-0 6. e3 h6 7. Bxf6 Bxf6 8. Qb3 c6 9. Be2 Nd7 10. 0-0 Qb6 11. Qc2 dxc4 12. Bxc4 e5 13. Rad1 exd4 14. exd4 Qa5 15. Qe4 Nb6 16. Bd3 g6 17. Qf4 Bg7 18. Ne5 Be6 19. h4 Nd5 20. Nxd5 Qxd5 21. Bb1 h5 22. Rfe1 Rad8 23. Qg3 Bc8 24. Bc2 Qd6 25. Re3 Rfe8 26. Qg5 Qf6 27. Qg3 Qd6 28. Qg5 Qf6 29. Qg3 1/2-1/2

[Event "Mar del Plata op 47th"]
[Site "Mar del Plata"]
[Date "2016.03.22"]
[Round "5"]
[White "Scarella, Enrique Alejandro"]
[Black "Guerrero, Alvaro"]
[Result "1-0"]
[WhiteElo "2367"]
[BlackElo "2161"]
[PlyCount "69"]
[EventDate "2016.03.19"]
[EventType "swiss"]
[EventRounds "9"]
[EventCountry "ARG"]
[SourceTitle "CBM 171 Extra"]
[Source "ChessBase"]
[SourceDate "2016.04.26"]
[SourceVersion "1"]
[SourceVersionDate "2016.04.26"]
[SourceQuality "1"]

1. d4 Nf6 2. Nf3 g6 3. g3 Bg7 4. Bg2 0-0 5. 0-0 d6 6. Re1 Nbd7 7. e4 e5 8. Nc3 c6 9. a4 b6 10. d5 cxd5 11. Nxd5 Bb7 12. Nc3 Nc5 13. Bg5 Qd7 14. Bxf6 Bxf6 15. Nd5 Bg7 16. a5 b5 17. b4 Na4 18. Bf1 Nb2 19. Qd2 Rac8 20. c3 Nc4 21. Bxc4 Rxc4 22. Rad1 f5 23. Ne3 Bxe4 24. Nxc4 bxc4 25. Rxe4 fxe4 26. Qd5+ Qf7 27. Ng5 Qxd5 28. Rxd5 e3 29. fxe3 Bh6 30. Ne4 Bxe3+ 31. Kg2 Kf7 32. Rxd6 Ke7 33. Rc6 h5 34. Rxc4 Ke6 35. h3 1-0

[Event "ARG-chT"]
[Site "Villa Martelli"]
[Date "2015.10.10"]
[Round "7.8"]
[White "Scarella, Enrique Alejandro"]
[Black "Sica, Mauro"]
[Result "1-0"]
[WhiteElo "2364"]
[BlackElo "2058"]
[PlyCount "89"]
[EventDate "2015.08.29"]
[EventType "team-swiss"]
[EventRounds "9"]
[EventCountry "ARG"]
[SourceTitle "EXT 2017"]
[Source "ChessBase"]
[SourceDate "2016.10.25"]
[SourceVersion "1"]
[SourceVersionDate "2016.10.25"]
[SourceQuality "1"]
[WhiteTeam "Tacticos y Estrategas"]
[BlackTeam "Ventajedrez Plastigal"]
[WhiteTeamCountry "ARG"]
[BlackTeamCountry "ARG"]

1. d4 f5 2. g3 d6 3. Bg2 Nf6 4. c4 g6 5. Nc3 Bg7 6. Nh3 e5 7. dxe5 dxe5 8. Qxd8+ Kxd8 9. Be3 c6 10. 0-0-0+ Nbd7 11. f4 e4 12. Bd4 Ke7 13. g4 Ne8 14. Nf2 Bxd4 15. Rxd4 Nc7 16. e3 Nf6 17. Rhd1 Be6 18. gxf5 gxf5 19. Bh3 Rad8 20. Ne2 Nh5 21. Rxd8 Rxd8 22. Nd4 Kf6 23. Rg1 c5 24. Nxf5 Bxf5 25. Bxf5 Nxf4 26. Nxe4+ Kxf5 27. Ng3+ Ke5 28. exf4+ Kxf4 29. Rf1+ Kg4 30. Rf7 Ne6 31. Rxh7 Rd4 32. b3 Nf4 33. Rg7+ Kh3 34. Nf5 Ne2+ 35. Kc2 Rf4 36. Ne3 Nd4+ 37. Kd3 Kxh2 38. Rxb7 Nc6 39. Nd5 Rf2 40. Rc7 Ne5+ 41. Ke4 Ng4 42. Rg7 Rxa2 43. Rxg4 Rb2 44. Nf4 Rxb3 45. Kd5 1-0

[Event "ARG-chT"]
[Site "Villa Martelli"]
[Date "2015.10.03"]
[Round "6.8"]
[White "Scarpino, Agustin"]
[Black "Scarella, Enrique Alejandro"]
[Result "0-1"]
[WhiteElo "1709"]
[BlackElo "2364"]
[PlyCount "46"]
[EventDate "2015.08.29"]
[EventType "team-swiss"]
[EventRounds "9"]
[EventCountry "ARG"]
[SourceTitle "EXT 2017"]
[Source "ChessBase"]
[SourceDate "2016.10.25"]
[SourceVersion "1"]
[SourceVersionDate "2016.10.25"]
[SourceQuality "1"]
[WhiteTeam "La Torre del Castillo"]
[BlackTeam "Tacticos y Estrategas"]
[WhiteTeamCountry "ARG"]
[BlackTeamCountry "ARG"]

1. e4 d6 2. d4 Nf6 3. f3 Nbd7 4. Be3 e5 5. Nc3 c6 6. Nge2 Be7 7. Qd2 b5 8. d5 Bb7 9. dxc6 Bxc6 10. Ng3 b4 11. Nce2 d5 12. Nf5 0-0 13. Nxe7+ Qxe7 14. exd5 Nxd5 15. 0-0-0 Qe6 16. Bf2 Rfc8 17. Re1 Nc3 18. Nd4 Qxa2 19. Qg5 Ba4 20. Bd3 Nc5 21. bxc3 Nxd3+ 22. Kd2 exd4 23. Bxd4 Qxc2+ 0-1

[Event "ARG-chT"]
[Site "Villa Martelli"]
[Date "2014.10.18"]
[Round "8.1"]
[White "Scarella, Enrique Alejandro"]
[Black "Medone, Raul"]
[Result "1-0"]
[WhiteElo "2377"]
[BlackElo "1691"]
[PlyCount "65"]
[EventDate "2014.08.30"]
[EventType "team-tourn"]
[EventRounds "9"]
[EventCountry "ARG"]
[SourceTitle "EXT 2015"]
[Source "ChessBase"]
[SourceDate "2014.11.20"]
[SourceVersion "1"]
[SourceVersionDate "2014.11.20"]
[SourceQuality "1"]
[WhiteTeam "Tacticos y Estrategas"]
[BlackTeam "Miguel Tal"]
[WhiteTeamCountry "ARG"]
[BlackTeamCountry "ARG"]

1. d4 Nf6 2. Nf3 e6 3. c4 Bb4+ 4. Bd2 Bxd2+ 5. Qxd2 0-0 6. Nc3 d5 7. e3 Nbd7 8. Bd3 dxc4 9. Bxc4 c5 10. 0-0 a6 11. a4 b6 12. Rfd1 Bb7 13. Qe2 Qc7 14. Ba2 Rac8 15. Rac1 Qb8 16. Bb1 cxd4 17. Nxd4 Qa8 18. e4 Nc5 19. e5 Nfe4 20. b4 Nxc3 21. Rxc3 Ne4 22. Re3 Nc3 23. Bxh7+ Kxh7 24. Qh5+ Kg8 25. Rh3 f5 26. Qh7+ Kf7 27. Rg3 Rg8 28. Qg6+ Ke7 29. Qxe6+ Kf8 30. Qxf5+ Ke7 31. Qe6+ Kf8 32. Rg4 Nxd1 33. Rf4# 1-0

[Event "ARG-chT"]
[Site "Villa Martelli"]
[Date "2014.09.06"]
[Round "2.2"]
[White "Scarella, Enrique Alejandro"]
[Black "Diaz Hollemaert, Nahuel Carlos"]
[Result "1/2-1/2"]
[WhiteElo "2377"]
[BlackElo "2432"]
[PlyCount "82"]
[EventDate "2014.08.30"]
[EventType "team-tourn"]
[EventRounds "9"]
[EventCountry "ARG"]
[SourceTitle "EXT 2015"]
[Source "ChessBase"]
[SourceDate "2014.11.20"]
[SourceVersion "1"]
[SourceVersionDate "2014.11.20"]
[SourceQuality "1"]
[WhiteTeam "Tacticos y Estrategas"]
[BlackTeam "Untref Ajedrez"]
[WhiteTeamCountry "ARG"]
[BlackTeamCountry "ARG"]

1. d4 Nf6 2. c4 e6 3. Nf3 b6 4. a3 c6 5. Nc3 d5 6. e3 Ba6 7. b3 Nbd7 8. Bd3 Rc8 9. e4 dxc4 10. bxc4 e5 11. Nxe5 Nxe5 12. dxe5 Ng4 13. e6 Qd4 14. exf7+ Kxf7 15. Qf3+ Ke8 16. Ne2 Qxa1 17. Qxg4 Rd8 18. Qg3 Bd6 19. f4 Bc5 20. e5 Rd7 21. Be4 Kd8 22. Bxc6 Rc7 23. Bd5 Kc8 24. Rf1 Rd8 25. Qb3 Bd4 26. Nxd4 Bxc4 27. Qb2 Qxb2 28. Bxb2 Bxd5 29. Rf2 Rc4 30. Rd2 Bb7 31. Kf2 Rd5 32. Ke3 Kd7 33. g3 g6 34. Re2 b5 35. g4 Ke7 36. h4 Ra4 37. h5 Bc8 38. hxg6 hxg6 39. Ke4 Bb7 40. Ke3 Bc8 41. Ke4 Bb7 1/2-1/2